[Event "ICS Rated blitz match"]
[Site "204.178.125.65"]
[Date "2001.07.14"]
[Round "?"]
[White "Hossa"]
[Black "MUTILADOR"]
[Result "1-0"]
[WhiteElo "2669"]
[BlackElo "2117"]
[PlyCount "111"]
[EventDate "2001.??.??"]

1. e4 Nf6 2. e5 Nd5 3. Nc3 Nxc3 4. bxc3 d6 5. f4 dxe5 6. fxe5 Bf5 7. Nf3 e6 8.
Bc4 c6 9. O-O Be7 10. d4 O-O 11. Bd3 Bg6 12. Bxg6 hxg6 13. Rf2 c5 14. Rb1 b6
15. Qf1 Nc6 16. Bb2 Rc8 17. a4 cxd4 18. cxd4 Na5 19. Ra1 Qd5 20. Qd3 Nc4 21.
Bc1 Rcd8 22. Bd2 a6 23. Qf1 b5 24. axb5 axb5 25. g3 Nxd2 26. Rxd2 g5 27. h3 b4
28. Ra7 Rd7 29. Rxd7 Qxd7 30. Rf2 Qd5 31. Qe2 b3 32. c4 Qa5 33. Qb2 Qb4 34. Nd2
Ra8 35. Qxb3 Ra1+ 36. Kh2 Qa5 37. Qf3 Ra2 38. Qxf7+ Kh8 39. Ne4 Rxf2+ 40. Nxf2
Qd8 41. d5 exd5 42. cxd5 Qb6 43. d6 Bxd6 44. exd6 Qxd6 45. Qh5+ Kg8 46. Qxg5
Qd4 47. Kg2 Qc4 48. Qd8+ Kh7 49. Kf3 Qc6+ 50. Ne4 Qg6 51. Ng5+ Kh6 52. Qh8+
Kxg5 53. Qh4+ Kf5 54. Qe4+ Kg5 55. Qf4+ Kh5 56. Qh4# {MUTILADOR checkmated} 1-0

[Event "ICS rated bullet match"]
[Site "204.178.125.65"]
[Date "2001.07.14"]
[Round "?"]
[White "Hossa"]
[Black "FChess"]
[Result "0-1"]
[WhiteElo "2580"]
[BlackElo "2447"]
[PlyCount "64"]
[EventDate "2001.??.??"]

1. e4 c5 2. Nf3 e6 3. d4 cxd4 4. Nxd4 Nf6 5. Nc3 d6 6. Be2 Nc6 7. O-O Be7 8.
Bg5 O-O 9. Qd2 Nxd4 10. Qxd4 Nxe4 11. Nxe4 Bxg5 12. Nxg5 Qxg5 13. Qxd6 Rd8 14.
Qb4 b6 15. Qe4 Rb8 16. Bd3 g6 17. h4 Qf6 18. h5 Qxb2 19. hxg6 hxg6 20. Qh4 Bb7
21. Qg3 Qc3 22. Qg5 Rd5 23. Qg4 Rh5 24. Bxg6 fxg6 25. Qxe6+ Kg7 26. Qe7+ Kh6
27. Qd6 Bxg2 28. Qg3 Bf3 29. Qh2 Rxh2 30. Kxh2 Qe5+ 31. Kh3 Kg7 32. Rg1 Rh8# {
Hossa checkmated} 0-1

[Event "ICS rated bullet match"]
[Site "204.178.125.65"]
[Date "2001.07.14"]
[Round "?"]
[White "Kasha"]
[Black "Hossa"]
[Result "0-1"]
[WhiteElo "2142"]
[BlackElo "2561"]
[PlyCount "64"]
[EventDate "2001.??.??"]

1. d4 d5 2. c3 f5 3. Bf4 e6 4. Nf3 Bd6 5. Bxd6 cxd6 6. e3 Nc6 7. Qb3 Nge7 8.
Nbd2 O-O 9. Bd3 e5 10. dxe5 dxe5 11. Bb5 e4 12. Nd4 f4 13. Bxc6 bxc6 14. exf4
c5 15. Ne2 Qb6 16. Qxb6 axb6 17. g3 Ba6 18. c4 d4 19. Nxe4 Bxc4 20. f3 Bxa2 21.
Kf2 Nd5 22. Nc1 Bc4 23. b3 Rxa1 24. bxc4 Ne3 25. Re1 Nxc4 26. Nd3 Rxe1 27. Kxe1
Ra8 28. Kf2 Ra2+ 29. Kg1 Ne3 30. Nd6 Rg2+ 31. Kh1 Rd2 32. Ne5 Rd1# {
Kasha checkmated} 0-1

[Event "ICS rated blitz match"]
[Site "204.178.125.65"]
[Date "2001.07.14"]
[Round "?"]
[White "Hossa"]
[Black "QueenMaxima"]
[Result "1/2-1/2"]
[WhiteElo "2671"]
[BlackElo "2596"]
[PlyCount "188"]
[EventDate "2001.??.??"]

1. e4 a5 2. d4 d5 3. exd5 Qxd5 4. Nc3 Qe6+ 5. Be3 Nf6 6. d5 Qg4 7. Qxg4 Bxg4 8.
f3 Bd7 9. O-O-O a4 10. Bc4 a3 11. b3 g6 12. Bf4 Kd8 13. Nge2 Bg7 14. Kb1 Nh5
15. Be3 Rf8 16. Ne4 Bf5 17. Nc5 b6 18. g4 bxc5 19. gxf5 Nd7 20. Ng3 Nhf6 21.
fxg6 hxg6 22. Bb5 Rh8 23. Ne2 Rh3 24. Ng1 Rh5 25. c4 Rb8 26. Bc1 Ra8 27. Bc6
Ra6 28. Bd2 Ne5 29. Bb5 Rd6 30. Bf4 Rf5 31. Ne2 Rb6 32. Be3 Ned7 33. f4 Ne4 34.
Bc6 Rh5 35. h3 Nb8 36. Ba4 Bf6 37. Kc2 Na6 38. Kd3 Nd6 39. Ng3 Rh4 40. Kc2 Rb4
41. Bd2 Rxa4 42. bxa4 Nxc4 43. Ne4 Bd4 44. Kb3 Nxd2+ 45. Nxd2 Rxf4 46. Rdf1
Rxf1 47. Rxf1 Ke8 48. Nf3 Bb2 49. Rd1 Nb4 50. a5 Kd7 51. Ng5 c6 52. Kc4 Nxd5
53. Kxc5 e5 54. Nxf7 Bd4+ 55. Rxd4 exd4 56. Ne5+ Ke6 57. Kxd4 c5+ 58. Kxc5 Kxe5
59. a6 Nc7 60. a7 g5 61. Kc6 Na8 62. Kb7 Kd6 63. Kb8 Kc6 64. Kc8 Nb6+ 65. Kb8
Kd6 66. Kb7 Kc5 67. Kc7 Kb5 68. Kb7 Ka5 69. Kc7 Ka6 70. Kb8 g4 71. hxg4 Nd7+
72. Kc7 Nb6 73. g5 Kxa7 74. g6 Nd5+ 75. Kd6 Nf6 76. Kc5 Ne4+ 77. Kb4 Kb7 78.
Kxa3 Nf6 79. g7 Ng8 80. Kb4 Ne7 81. Kb5 Ng8 82. a3 Ne7 83. Kc5 Kc7 84. a4 Kb7
85. Kb5 Kc7 86. Ka6 Ng8 87. a5 Ne7 88. Ka7 Nc8+ 89. Ka8 Ne7 90. a6 Ng8 91. Ka7
Ne7 92. g8=Q Nxg8 93. Ka8 Ne7 94. a7 Nc8 {Hossa stalemated} 1/2-1/2

[Event "ICS rated blitz match"]
[Site "204.178.125.65"]
[Date "2001.07.14"]
[Round "?"]
[White "QueenMaxima"]
[Black "Hossa"]
[Result "0-1"]
[WhiteElo "2599"]
[BlackElo "2668"]
[PlyCount "126"]
[EventDate "2001.??.??"]

1. e4 e5 2. Nf3 Nc6 3. Bc4 Nf6 4. Ng5 d5 5. exd5 Na5 6. d3 c6 7. dxc6 Nxc4 8.
dxc4 Qxd1+ 9. Kxd1 bxc6 10. Re1 h6 11. Rxe5+ Be7 12. Nf3 Bg4 13. Be3 Nd7 14.
Ra5 Bxf3+ 15. gxf3 a6 16. Bd4 f6 17. Nd2 Bd6 18. h4 Ke7 19. Ne4 Be5 20. c3 Bc7
21. Ra4 Bd6 22. c5 Bc7 23. Kc2 Nf8 24. Be3 f5 25. Ng3 g6 26. Bd4 Rg8 27. h5 f4
28. Ne4 gxh5 29. Bf6+ Kf7 30. Rh1 Nd7 31. Bd4 Kg6 32. Kd2 a5 33. Kc1 Rae8 34.
Re1 Kh7 35. c4 Kg6 36. Bc3 Ne5 37. Rg1+ Kf5 38. Rd1 Ref8 39. Nd6+ Ke6 40. Ra3
h4 41. Kb1 Rg2 42. Re1 Rg5 43. Nb7 h3 44. Nxa5 h2 45. Nxc6 Rg1 46. Nd4+ Kd7 47.
Ne6 Rfg8 48. Nd4 h1=Q 49. Nc2 Nxf3 50. c6+ Kc8 51. Ra8+ Bb8 52. b3 Nxe1 53.
Bxe1 Rxe1+ 54. Nxe1 Qxe1+ 55. Kb2 Qxf2+ 56. Ka3 Qc5+ 57. Kb2 Qd6 58. Rxb8+ Kxb8
59. c7+ Kxc7 60. Kc3 Rg3+ 61. Kb2 Rg2+ 62. Kc1 Qd2+ 63. Kb1 Qe1# {
QueenMaxima checkmated} 0-1

[Event "ICS rated blitz match"]
[Site "204.178.125.65"]
[Date "2001.07.14"]
[Round "?"]
[White "Hossa"]
[Black "gerbil"]
[Result "0-1"]
[WhiteElo "2681"]
[BlackElo "2418"]
[PlyCount "107"]
[EventDate "2001.??.??"]

1. c4 e5 2. a3 Nc6 3. e3 Nf6 4. d4 exd4 5. exd4 d5 6. Nf3 Bg4 7. Be3 Qe7 8. b3
O-O-O 9. Be2 dxc4 10. bxc4 Bxf3 11. Bxf3 Nxd4 12. Nd2 Qe5 13. Rb1 c6 14. Be2
Bxa3 15. Bd3 Bd6 16. g3 Bc7 17. O-O c5 18. Bxd4 Qxd4 19. Bf5+ Kb8 20. Qb3 Bb6
21. Nf3 Qd6 22. Rfe1 g6 23. Bc2 Rhe8 24. Rxe8 Rxe8 25. Rd1 Qc6 26. Ng5 Qc7 27.
Qf3 Qe7 28. Qb3 h6 29. Nf3 Qc7 30. Qb2 Re6 31. Ra1 Kc8 32. Ba4 Qe7 33. Qd2 g5
34. Qc1 g4 35. Nh4 Ne4 36. Qc2 Qf6 37. Ra3 Ng5 38. Kf1 Re4 39. Rd3 Kb8 40. Rd1
Qe6 41. Bb3 Nf3 42. Qc1 Nd4 43. Ba2 Qc6 44. Ng2 Nf3 45. Qb2 Nxh2+ 46. Kg1 Nf3+
47. Kf1 Nd4 48. Bb1 Re5 49. Kg1 Qf3 50. Qd2 Ba5 51. Qd3 Rh5 52. Qxf3 Nxf3+ 53.
Kf1 Rh1+ 54. Ke2 {Hossa resigns} 0-1

[Event "ICS rated blitz match"]
[Site "204.178.125.65"]
[Date "2001.07.14"]
[Round "?"]
[White "Hossa"]
[Black "Amateur"]
[Result "1-0"]
[WhiteElo "2655"]
[BlackElo "2555"]
[PlyCount "119"]
[EventDate "2001.??.??"]

1. e4 e5 2. Nf3 Nc6 3. d4 exd4 4. Nxd4 Nf6 5. Nxc6 bxc6 6. e5 Qe7 7. Qe2 Nd5 8.
c4 Ba6 9. b3 Qh4 10. a3 Bc5 11. Qf3 Ne7 12. Bb2 O-O 13. g3 Qh6 14. Nd2 Rab8 15.
Be2 d5 16. Bc3 d4 17. Bb4 Bxb4 18. axb4 Bb7 19. c5 Nd5 20. Rxa7 Nxb4 21. Qe4
Rfd8 22. Bc4 Qg5 23. h4 Qh6 24. g4 Qg6 25. Qxg6 hxg6 26. Nf3 Kf8 27. Ke2 d3+
28. Ke3 Nd5+ 29. Kxd3 Nf6+ 30. Ke2 Nxg4 31. Rg1 Nxe5 32. Nxe5 Re8 33. f4 f6 34.
Rf1 Re7 35. Kd3 fxe5 36. fxe5+ Ke8 37. e6 Rd8+ 38. Kc3 Bc8 39. Re1 Kf8 40. Ra8
Ke8 41. Rb8 Kf8 42. Ba6 Ree8 43. e7+ Rxe7 44. Rxc8 Rxe1 45. Rxd8+ Re8 46. Rxe8+
Kxe8 47. Kd4 Ke7 48. Ke5 Kd8 49. Ke6 Ke8 50. Bc4 Kd8 51. Kf7 g5 52. hxg5 Kd7
53. Be6+ Kd8 54. Kxg7 Ke7 55. Bf5 Ke8 56. Kf6 Kf8 57. Be6 Ke8 58. g6 Kd8 59. g7
Ke8 60. g8=Q# {Amateur checkmated} 1-0

[Event "ICS rated blitz match"]
[Site "204.178.125.65"]
[Date "2001.07.14"]
[Round "?"]
[White "Amateur"]
[Black "Hossa"]
[Result "1/2-1/2"]
[WhiteElo "2543"]
[BlackElo "2667"]
[PlyCount "84"]
[EventDate "2001.??.??"]

1. e4 c5 2. Nf3 d6 3. Bb5+ Bd7 4. Bxd7+ Nxd7 5. O-O Ngf6 6. Qe2 e6 7. b3 g6 8.
Bb2 Bg7 9. Nc3 Nh5 10. Qb5 Rb8 11. Qd3 O-O 12. Qxd6 Ne5 13. Qxd8 Nxf3+ 14. gxf3
Rfxd8 15. d3 Nf4 16. Na4 Ne2+ 17. Kg2 Nf4+ 18. Kh1 Bxb2 19. Nxb2 Kg7 20. Nc4 f6
21. Ne3 g5 22. a4 h5 23. a5 Rbc8 24. a6 b5 25. Ra5 Rb8 26. Re1 Kg6 27. Kg1 Kf7
28. Ng2 Nh3+ 29. Kf1 Ke7 30. Ke2 Kd6 31. Ke3 Kc6 32. f4 g4 33. Nh4 Rd7 34. f3
Rg7 35. f5 gxf3 36. Kxf3 Rg4 37. Ng6 Re8 38. Raa1 exf5 39. exf5 Ng5+ 40. Kf2
Nh3+ 41. Kf3 Ng5+ 42. Kf2 Nh3+ {Game drawn by mutual agreement} 1/2-1/2

[Event "ICS rated blitz match"]
[Site "204.178.125.65"]
[Date "2001.07.14"]
[Round "?"]
[White "PostModernist"]
[Black "Hossa"]
[Result "1/2-1/2"]
[WhiteElo "2664"]
[BlackElo "2662"]
[PlyCount "251"]
[EventDate "2001.??.??"]

1. c4 e5 2. Nc3 Nc6 3. Nf3 Nf6 4. g3 Be7 5. Bg2 O-O 6. O-O d6 7. d3 Bf5 8. e4
Bg4 9. Be3 Nd7 10. Qe2 f5 11. exf5 Nb6 12. h3 Bxf5 13. d4 Nb4 14. Rad1 Bc2 15.
dxe5 Bxd1 16. Rxd1 Nc6 17. c5 Nc8 18. Bf4 g5 19. Nxg5 Bxg5 20. Qg4 h5 21. Bd5+
Kg7 22. Qxg5+ Qxg5 23. Bxg5 Nxe5 24. f4 Nf7 25. Nb5 Nxg5 26. Nxc7 Nxh3+ 27. Kg2
Nxf4+ 28. gxf4 Rb8 29. Ne6+ Kf7 30. Nxf8+ Kxf8 31. Be6 Ke8 32. Rd5 dxc5 33.
Rxh5 Ke7 34. Bxc8 Rxc8 35. Rh7+ Ke6 36. Rxb7 c4 37. Kf3 c3 38. bxc3 Rxc3+ 39.
Kg4 Ra3 40. Rb2 Kf6 41. Re2 Rd3 42. Rh2 Ra3 43. Rg2 Ra5 44. Rf2 Ra3 45. Rh2 Ke6
46. Re2+ Kf6 47. Rf2 Ra6 48. Rd2 Ra5 49. Rg2 Ra6 50. Rc2 Ra5 51. Rc6+ Ke7 52.
Rc7+ Ke6 53. f5+ Rxf5 54. Rxa7 Rf2 55. Ra5 Rg2+ 56. Kf3 Rh2 57. a4 Rh3+ 58. Ke2
Rh2+ 59. Kd3 Rh3+ 60. Kd2 Rh2+ 61. Kc3 Rh3+ 62. Kc4 Rh4+ 63. Kb3 Rh3+ 64. Kb4
Rh4+ 65. Ka3 Rh3+ 66. Kb2 Rh2+ 67. Kb1 Rh1+ 68. Kc2 Rh2+ 69. Kc1 Rh1+ 70. Kb2
Rh2+ 71. Ka1 Rh1+ 72. Ka2 Rh2+ 73. Ka3 Rh3+ 74. Ka2 Rh2+ 75. Kb3 Rh3+ 76. Kc2
Rh2+ 77. Kd1 Kd7 78. Rg5 Rh1+ 79. Kc2 Rh2+ 80. Kb3 Rh3+ 81. Kb4 Rh4+ 82. Kb5
Kc8 83. a5 Kb7 84. a6+ Ka8 85. Rg8+ Ka7 86. Rg7+ Ka8 87. Rd7 Rh5+ 88. Kb6 Rh6+
89. Ka5 Rh5+ 90. Kb6 Rh6+ 91. Kb5 Rh5+ 92. Kc4 Rh4+ 93. Kc5 Rh5+ 94. Kb4 Rh4+
95. Kc5 Rh5+ 96. Kd4 Rh4+ 97. Kd3 Rh3+ 98. Kc2 Rh2+ 99. Kc3 Rh3+ 100. Kb2 Rh2+
101. Kc3 Rh3+ 102. Kd2 Rh2+ 103. Ke3 Rh3+ 104. Ke4 Rh4+ 105. Kf5 Rh5+ 106. Ke4
Rh4+ 107. Kf3 Rh3+ 108. Kf4 Rh4+ 109. Ke5 Rh5+ 110. Kf4 Rh4+ 111. Kg5 Ra4 112.
Rd6 Ka7 113. Kh5 Ra5+ 114. Kh6 Ra4 115. Kg6 Rg4+ 116. Kf6 Ra4 117. Rd7+ Kxa6
118. Rd8 Rb4 119. Re8 Rc4 120. Rf8 Rd4 121. Rg8 Re4 122. Rh8 Rf4+ 123. Kg6 Rg4+
124. Kh6 Rh4+ 125. Kg7 Rxh8 126. Kxh8 {
Game drawn because neither player has mating material} 1/2-1/2

[Event "ICS Rated blitz match"]
[Site "204.178.125.65"]
[Date "2001.07.14"]
[Round "?"]
[White "Matabolix"]
[Black "Hossa"]
[Result "0-1"]
[WhiteElo "2045"]
[BlackElo "2662"]
[PlyCount "70"]
[EventDate "2001.??.??"]

1. e4 d6 2. g3 f5 3. Nc3 fxe4 4. Nxe4 Nc6 5. Bg2 e5 6. Ne2 d5 7. N4c3 Nf6 8. d3
Bc5 9. O-O O-O 10. Bg5 Be6 11. Be3 Qe7 12. Bxc5 Qxc5 13. Nc1 Nd4 14. Nb3 Nxb3
15. axb3 c6 16. Qd2 Nd7 17. Ra4 Rf6 18. Rh4 Raf8 19. Nd1 R8f7 20. Bh3 Bxh3 21.
Rxh3 Qf8 22. Rh4 Rf3 23. Rg4 e4 24. dxe4 Nf6 25. Rh4 Nxe4 26. Rxe4 dxe4 27. Ne3
b6 28. Qd4 Rxf2 29. Qc4 b5 30. Qe6 Rxf1+ 31. Nxf1 Qc5+ 32. Kg2 Qf2+ 33. Kh3
Qxf1+ 34. Kh4 Qf6+ 35. Qxf6 Rxf6 {Matabolix resigns} 0-1

[Event "ICS rated blitz match"]
[Site "204.178.125.65"]
[Date "2001.07.14"]
[Round "?"]
[White "Hossa"]
[Black "gerbil"]
[Result "1-0"]
[WhiteElo "2663"]
[BlackElo "2446"]
[PlyCount "119"]
[EventDate "2001.??.??"]

1. e4 c6 2. Nf3 d5 3. exd5 cxd5 4. d4 Bg4 5. Be2 Nc6 6. O-O Qb6 7. c3 Bxf3 8.
Bxf3 O-O-O 9. Qb3 Qxb3 10. axb3 Nf6 11. b4 a6 12. Be2 e6 13. b5 axb5 14. Bxb5
Bd6 15. Bg5 h6 16. Bc1 Kb8 17. Kh1 g5 18. b3 Ne7 19. h3 Ne4 20. Kg1 e5 21. Bb2
exd4 22. cxd4 Bf4 23. g3 Bd6 24. Be2 Nc6 25. Rc1 f5 26. Bb5 Ne7 27. Rc2 f4 28.
f3 Nxg3 29. Bc3 Ngf5 30. Rca2 Kc8 31. Ra8+ Bb8 32. Na3 Nc6 33. Nc2 Nce7 34. Rc1
Nd6 35. Bd3 b6 36. Nb4 Kb7 37. Ra6 Bc7 38. Ra2 Rd7 39. Rca1 Kc8 40. Ra8+ Bb8
41. Ba6+ Kc7 42. Be2 Kb7 43. Bb2 Rhd8 44. R8a4 b5 45. Ra6 Rg8 46. Nd3 Rdd8 47.
Nc5+ Kc8 48. Bd3 Rde8 49. Ra8 Nef5 50. R1a6 Kc7 51. Bc3 Nxd4 52. Ba5+ Kc8 53.
Rb6 Re1+ 54. Kf2 Re2+ 55. Bxe2 Nb7 56. Rxb7 Nc6 57. Rbxb8+ Nxb8 58. Bxb5 Rg7
59. Ba6+ Rb7 60. Bxb7# {gerbil checkmated} 1-0

[Event "ICS rated blitz match"]
[Site "204.178.125.65"]
[Date "2001.07.14"]
[Round "?"]
[White "gerbil"]
[Black "Hossa"]
[Result "0-1"]
[WhiteElo "2439"]
[BlackElo "2670"]
[PlyCount "72"]
[EventDate "2001.??.??"]

1. c4 e5 2. Nc3 Nc6 3. Nf3 Nf6 4. e3 d5 5. cxd5 Nxd5 6. Bb5 Nxc3 7. bxc3 Bd6 8.
Bxc6+ bxc6 9. d4 exd4 10. cxd4 c5 11. dxc5 Bxc5 12. Qxd8+ Kxd8 13. O-O f6 14.
Bb2 Bd6 15. Bc3 c5 16. Nd2 Be6 17. f4 Ke7 18. e4 c4 19. Kh1 Rhd8 20. Rac1 Rac8
21. f5 Bf7 22. Ba5 Rd7 23. Nf3 Bh5 24. Nd2 Be2 25. Rf2 Bd3 26. Rf3 Ba3 27. Re1
c3 28. Nb3 c2 29. Bd2 Be2 30. Rxe2 Rxd2 31. Re1 Rd1 32. Rff1 Rcd8 33. Rg1 Rxe1
34. Rxe1 Rd1 35. Rg1 Bc5 36. h4 Rxg1+ {gerbil resigns} 0-1

[Event "ICS rated blitz match"]
[Site "204.178.125.65"]
[Date "2001.07.14"]
[Round "?"]
[White "Hossa"]
[Black "gerbil"]
[Result "1-0"]
[WhiteElo "2677"]
[BlackElo "2432"]
[PlyCount "163"]
[EventDate "2001.??.??"]

1. e4 e5 2. Nf3 Nc6 3. Bb5 d6 4. d4 Bd7 5. dxe5 dxe5 6. O-O Bd6 7. Qe2 Nf6 8.
Rd1 O-O 9. Nc3 Re8 10. Bg5 a6 11. Ba4 b5 12. Bxf6 Qxf6 13. Nd5 Qd8 14. Bb3 Na5
15. Nb6 Rb8 16. Nxd7 Qxd7 17. Nh4 Nxb3 18. axb3 Rb6 19. Nf5 Qe6 20. Rd3 Be7 21.
Rad1 Bf6 22. Rd7 Rc6 23. Qd2 Rc5 24. b4 Rc4 25. f3 Qb6+ 26. Kh1 Rc6 27. Ra1
Rce6 28. Ra3 c6 29. Rad3 Rb8 30. Qe1 Rb7 31. Qe3 Kf8 32. Qxb6 Rxb6 33. Rc7 g6
34. Nd6 Be7 35. Nc8 Rb8 36. Rdd7 Bxb4 37. Rxf7+ Kg8 38. Rg7+ Kf8 39. Rxh7 Kg8
40. Rhd7 Bf8 41. Rd8 c5 42. Rxc5 Rb7 43. c3 b4 44. c4 b3 45. Rcd5 Rb4 46. Nd6
Ra4 47. Kg1 Ra1+ 48. Kf2 Rb1 49. Rd2 Rc1 50. Kg3 Rc2 51. Nb7 Rxc4 52. Na5 Rb4
53. R2d7 g5 54. Rc7 Rd4 55. Rb8 Rb4 56. Rbc8 Rb5 57. Nc4 Rh6 58. h3 g4 59. Kxg4
Rf6 60. Kg5 Rf7 61. Rxf7 Kxf7 62. Kf5 Kg7 63. g3 Bc5 64. Rc7+ Kf8 65. Kf6 Ke8
66. Ke6 Kf8 67. Nxe5 Bd4 68. Nd3 Rh5 69. h4 Rh6+ 70. Kd5 Bg1 71. Rc6 Rxc6 72.
Kxc6 Kg7 73. e5 Bd4 74. e6 Bf6 75. Kd7 Kg6 76. Nf4+ Kh6 77. Nd5 Bxb2 78. e7 Kg7
79. e8=Q Bf6 80. Nxf6 Kxf6 81. Qe7+ Kg6 82. h5+ {gerbil resigns} 1-0

[Event "ICS rated blitz match"]
[Site "204.178.125.65"]
[Date "2001.07.14"]
[Round "?"]
[White "Tinker"]
[Black "Hossa"]
[Result "0-1"]
[WhiteElo "2552"]
[BlackElo "2683"]
[PlyCount "94"]
[EventDate "2001.??.??"]

1. e4 c5 2. Nf3 d6 3. d4 cxd4 4. Nxd4 e5 5. Bb5+ Bd7 6. Bxd7+ Qxd7 7. Nb3 Nf6
8. Nc3 Be7 9. O-O a5 10. Nd5 Nxd5 11. Qxd5 Qc6 12. Bd2 Qxd5 13. exd5 a4 14. Na5
b6 15. Nc4 Ra6 16. Bb4 b5 17. Ne3 Nd7 18. Nf5 g6 19. Nxe7 Kxe7 20. Rfe1 f5 21.
Rad1 Rc8 22. c3 g5 23. Rd3 h5 24. Rh3 Rh8 25. Kf1 Kf6 26. Rd1 e4 27. Re3 Ne5
28. Kg1 Rc8 29. h3 a3 30. bxa3 Nc4 31. Re2 h4 32. Rde1 Ke5 33. Kh2 Kxd5 34. g4
hxg3+ 35. fxg3 e3 36. Rd1+ Ke5 37. Kg2 Rf8 38. Rd4 f4 39. Kf3 Rc6 40. Re1 fxg3+
41. Kxg3 Rf4 42. Rdd1 Rc8 43. Rg1 Rcf8 44. Rde1 Ke4 45. Rh1 Rf3+ 46. Kh2 Rf2+
47. Kg3 Ne5 {Tinker resigns} 0-1

[Event "ICS rated blitz match"]
[Site "204.178.125.65"]
[Date "2001.07.14"]
[Round "?"]
[White "Hossa"]
[Black "Tinker"]
[Result "0-1"]
[WhiteElo "2693"]
[BlackElo "2542"]
[PlyCount "80"]
[EventDate "2001.??.??"]

1. e4 c5 2. Nf3 d6 3. d4 cxd4 4. Nxd4 Nf6 5. Nc3 a6 6. a4 Nc6 7. Bc4 e6 8. O-O
Be7 9. Nxc6 bxc6 10. Bg5 d5 11. exd5 cxd5 12. Qf3 Rb8 13. Bf4 Bd6 14. Bb3 Bxf4
15. Qxf4 Bb7 16. Rfd1 O-O 17. Rd3 Nd7 18. Rh3 Qf6 19. Qd6 Ne5 20. Re1 Nc6 21.
Qg3 Nd4 22. Qd3 h6 23. Ba2 Rfd8 24. Rhe3 a5 25. Qd2 Nf5 26. Rh3 d4 27. Ne2 Bc6
28. b3 e5 29. Qxa5 Nh4 30. Rxh4 Qxh4 31. Qxe5 Re8 32. Qf5 Be4 33. Qc5 d3 34.
Ng3 d2 35. Rd1 Bf3 36. Nf1 Qg4 37. g3 Qh3 38. Ne3 Rxe3 39. Qc8+ Rxc8 40. Rxd2
Qg2# {Hossa checkmated} 0-1

[Event "ICS rated standard match"]
[Site "204.178.125.65"]
[Date "2001.07.14"]
[Round "?"]
[White "giant1-c"]
[Black "Hossa"]
[Result "1-0"]
[WhiteElo "2464"]
[BlackElo "2184"]
[PlyCount "92"]
[EventDate "2001.??.??"]

1. d4 d5 2. c4 dxc4 3. e4 e5 4. Nf3 exd4 5. Bxc4 Nc6 6. O-O Be6 7. Bb5 Bc5 8.
Qc2 Bb6 9. a4 a5 10. Bxc6+ bxc6 11. Qxc6+ Bd7 12. Qc2 Ne7 13. Na3 Be6 14. Nc4
O-O 15. Nxb6 cxb6 16. Rd1 Rc8 17. Qd3 Bg4 18. Qxd4 Qxd4 19. Rxd4 Nc6 20. Rd6
Rfe8 21. h3 Bxf3 22. gxf3 f5 23. Be3 Ne5 24. exf5 Nc4 25. Re6 Nxb2 26. Rxb6 Nc4
27. Rb3 Re7 28. Rc1 Rec7 29. Rbc3 Kf7 30. Bd4 Rc6 31. f4 R8c7 32. h4 g6 33. f6
Rc8 34. h5 gxh5 35. f5 h6 36. Kg2 Ke8 37. Kh3 Kd7 38. Re1 Rf8 39. Re7+ Kc8 40.
f7 Kd8 41. Ra7 Rc7 42. Bb6 Nxb6 43. Rcxc7 Nxa4 44. Rd7+ Kc8 45. Re7 Kb8 46.
Rxa5 Nc3 {Hossa resigns} 1-0

[Event "ICS rated blitz match"]
[Site "204.178.125.65"]
[Date "2001.07.14"]
[Round "?"]
[White "monsoon"]
[Black "Hossa"]
[Result "1-0"]
[WhiteElo "2663"]
[BlackElo "2659"]
[PlyCount "122"]
[EventDate "2001.??.??"]

1. e4 e5 2. Nf3 Nf6 3. Nxe5 d6 4. Nf3 Nxe4 5. Qe2 Qe7 6. d3 Nf6 7. Bg5 Bg4 8.
Bxf6 gxf6 9. Qxe7+ Bxe7 10. d4 Bxf3 11. gxf3 Rg8 12. Nc3 Nc6 13. Bb5 a6 14.
Bxc6+ bxc6 15. O-O-O Kd7 16. d5 Rg2 17. dxc6+ Kxc6 18. Nd5 Bf8 19. Nxf6 Bg7 20.
Nd5 Rxf2 21. Rhg1 Bh6+ 22. Kb1 Rxh2 23. Rg4 Bd2 24. Ne7+ Kd7 25. Nd5 h6 26. Rc4
Rc8 27. Ra4 Ke6 28. Rd4 Bg5 29. f4 Bd8 30. Ra4 Ra8 31. Rc4 Kd7 32. Nb4 h5 33.
Nc6 Rg2 34. Ne5+ Ke6 35. Nf3 Rb8 36. Re4+ Kf5 37. Re8 Kf6 38. Nd4 Rf2 39. Nc6
Rb6 40. Nxd8 Rxf4 41. Rde1 Rfb4 42. b3 Rb8 43. Rg8 Rf4 44. Rf8 Kg6 45. Kb2 Rg4
46. Re7 f6 47. Rxc7 Rgb4 48. Re7 R8b6 49. Ne6 Rb7 50. Rg8+ Kf5 51. Ng7+ Kg5 52.
Re1 h4 53. Ne8+ Kf4 54. c3 R4b6 55. Nxf6 Rb5 56. Rf1+ Ke3 57. Re8+ Re5 58. Ng4+
Ke2 59. Ref8 Kd2 60. R8f4 Rc7 61. c4 Rg7 {Hossa resigns} 1-0

[Event "ICS rated standard match"]
[Site "204.178.125.65"]
[Date "2001.07.14"]
[Round "?"]
[White "Hossa"]
[Black "QueenK"]
[Result "1-0"]
[WhiteElo "2183"]
[BlackElo "2020"]
[PlyCount "39"]
[EventDate "2001.??.??"]

1. e4 e5 2. Nf3 Nc6 3. d4 exd4 4. Nxd4 Bc5 5. Nxc6 Qf6 6. Qd2 dxc6 7. Nc3 Be6
8. Na4 Rd8 9. Bd3 Bd4 10. O-O a6 11. Qa5 Qe7 12. Bf4 Rd7 13. e5 Rd5 14. Qe1 Nh6
15. Bc4 Rd7 16. Bxe6 Qxe6 17. c3 Ba7 18. Be3 Bxe3 19. Qxe3 O-O 20. Nc5 {
QueenK resigns} 1-0

[Event "ICS rated blitz match"]
[Site "204.178.125.65"]
[Date "2001.07.14"]
[Round "?"]
[White "Hossa"]
[Black "Amateur"]
[Result "1-0"]
[WhiteElo "2643"]
[BlackElo "2523"]
[PlyCount "147"]
[EventDate "2001.??.??"]

1. e4 e5 2. Nf3 Nf6 3. d4 Nxe4 4. Bd3 d5 5. Nxe5 Nd7 6. Nxd7 Bxd7 7. O-O Bd6 8.
c4 c6 9. cxd5 cxd5 10. Qh5 Qc7 11. Bxe4 dxe4 12. Nc3 Qc4 13. Re1 O-O 14. Rxe4
Rae8 15. Be3 Qd3 16. Rd1 Qc2 17. Rxe8 Rxe8 18. Bc1 Bb4 19. Qf3 Bxc3 20. bxc3
Re4 21. h3 Ba4 22. Rf1 Bb5 23. Qg3 Qe2 24. c4 Qxc4 25. Rd1 Qe2 26. Qb3 Bc4 27.
Qf3 Bxa2 28. Qxe2 Rxe2 29. d5 Re8 30. d6 Bb3 31. Rd3 Bc4 32. Rd1 Rd8 33. Be3 b6
34. g4 h6 35. f4 Rd7 36. Rd2 Kh7 37. Kg2 Kg8 38. Kg1 g6 39. Kf2 f5 40. Kg3 Kf7
41. gxf5 gxf5 42. Kh4 Ke6 43. Kh5 Rxd6 44. Rxd6+ Kxd6 45. Kxh6 Kc7 46. h4 Bd5
47. h5 Be4 48. Kg6 Bd5 49. h6 Kb7 50. h7 Be4 51. h8=Q Bc2 52. Qh7+ Ka6 53. Bd4
Bb1 54. Be5 Be4 55. Bb8 Ka5 56. Qxa7+ Kb5 57. Qd7+ Kc4 58. Qxf5 Bxf5+ 59. Kxf5
Kd5 60. Kg6 b5 61. Bd6 Kxd6 62. f5 b4 63. f6 b3 64. f7 Kc5 65. f8=Q+ Kc4 66.
Qh8 Kb4 67. Kf5 Kc4 68. Qb2 Kb4 69. Ke5 Ka4 70. Kd6 Kb4 71. Kd5 Kb5 72. Qxb3+
Ka5 73. Kc6 Ka6 74. Qa3# {Amateur checkmated} 1-0

[Event "ICS rated blitz match"]
[Site "204.178.125.65"]
[Date "2001.07.14"]
[Round "?"]
[White "Hossa"]
[Black "gerbil"]
[Result "1/2-1/2"]
[WhiteElo "2654"]
[BlackElo "2426"]
[PlyCount "47"]
[EventDate "2001.??.??"]

1. e4 c6 2. Nf3 d5 3. exd5 cxd5 4. d4 Bg4 5. Be2 Nc6 6. O-O Qb6 7. c3 Bxf3 8.
Bxf3 O-O-O 9. Qb3 Qxb3 10. axb3 Nf6 11. b4 a6 12. Be2 Na7 13. b3 e6 14. Kh1 Rd7
15. b5 Nxb5 16. Bxb5 axb5 17. Bf4 b6 18. Ra8+ Kb7 19. Rb8+ Kc6 20. Rc8+ Kb7 21.
Rb8+ Kc6 22. Rc8+ Kb7 23. Rb8+ Kc6 24. Rc8+ {Game drawn by repetition} 1/2-1/2

[Event "ICS rated blitz match"]
[Site "204.178.125.65"]
[Date "2001.07.14"]
[Round "?"]
[White "gerbil"]
[Black "Hossa"]
[Result "0-1"]
[WhiteElo "2435"]
[BlackElo "2645"]
[PlyCount "142"]
[EventDate "2001.??.??"]

1. Nf3 d5 2. g3 Nf6 3. Bg2 Nc6 4. d4 Bf5 5. O-O e6 6. Nh4 Bg6 7. Nxg6 hxg6 8.
c3 Qd7 9. Bg5 Nh7 10. Bd2 g5 11. e4 O-O-O 12. b4 Kb8 13. exd5 exd5 14. Na3 Be7
15. Qb3 Bf6 16. Nc2 Ne7 17. a4 g4 18. Ne3 Bg5 19. a5 Nf5 20. a6 b6 21. Qc2 Nxe3
22. fxe3 Nf6 23. c4 Qe6 24. Rae1 dxc4 25. Rf5 c3 26. Rxg5 cxd2 27. Qxd2 Ne8 28.
Bh1 Rh6 29. d5 Qd7 30. Qe2 f5 31. e4 fxe4 32. Qxe4 Nf6 33. Qc2 Rdh8 34. Re6
Rxh2 35. Qxh2 Rxh2 36. Kxh2 Qc8 37. Bg2 Qf8 38. b5 Qh8+ 39. Kg1 Qh6 40. Ree5
Kc8 41. Bf1 Kd8 42. Rgf5 Qd2 43. Re2 Qd4+ 44. Kh2 Qd1 45. Ref2 Kd7 46. Rg5 Kd6
47. Bg2 Qc1 48. Rg6 Qe3 49. Rc2 c5 50. Rc4 Qd3 51. Rcxg4 c4 52. Rxf6+ gxf6 53.
Rf4 f5 54. Rh4 c3 55. Rh6+ Kc5 56. Rc6+ Kxb5 57. d6 c2 58. d7 f4 59. Bf1 Qxf1
60. Rxc2 fxg3+ 61. Kxg3 Qd3+ 62. Kf4 Qxd7 63. Re2 Qd6+ 64. Re5+ Qxe5+ 65. Kxe5
Kc4 66. Kd6 b5 67. Kc6 b4 68. Kb7 b3 69. Kxa7 b2 70. Kb7 b1=Q+ 71. Kc7 Kc5 {
gerbil resigns} 0-1

[Event "ICS rated standard match"]
[Site "204.178.125.65"]
[Date "2001.07.14"]
[Round "?"]
[White "Hossa"]
[Black "AvernoX"]
[Result "1-0"]
[WhiteElo "2192"]
[BlackElo "2139"]
[PlyCount "57"]
[EventDate "2001.??.??"]

1. e4 e6 2. d4 d5 3. Nd2 a6 4. Ngf3 c5 5. exd5 exd5 6. dxc5 Bxc5 7. Nb3 Bb6 8.
Nfd4 Qe7+ 9. Be2 Nf6 10. O-O O-O 11. Re1 Ne4 12. c3 Bc7 13. g3 Re8 14. Bd3 Qf8
15. f3 Nf6 16. Rxe8 Qxe8 17. Bg5 Nbd7 18. Qd2 a5 19. Re1 Qd8 20. Qc2 a4 21.
Bxh7+ Kh8 22. Nc1 g6 23. Bxg6 fxg6 24. Qxg6 Bb6 25. Re5 a3 26. Qh6+ Kg8 27.
Bxf6 Bxd4+ 28. cxd4 Qxf6 29. Re8+ {AvernoX resigns} 1-0